00342nam a2200169Ia 4500003000900000008004100009040001300050040001300063041000800076100001900084245002100103250001100124260001400135260000900149300000800158490000600166IT-RoPAU120407s9999 xx 000 0 und d aIT-RoPAU cIT-RoPAU aita aLuigi Santucci aCome se. Romanzo aMilano aMondadori c1973 c cm v1